000 00346nam a2200133 i 4500
001 bg
100 1 _aPRZYBYLSKI, Lucjan
245 0 _aPowierzchnia robocza ściernicy kształtowania jednoziarnistym /
_cL. Przybylski.
260 _aKraków,
_c1979.
040 _cBPK
041 _apol
942 _cKS
008 s pl f |000 0 pol
999 _c18818
_d18818
856 _uhttp://koha.tu.koszalin.pl/cgi-bin/koha/opac-detail.pl?biblionumber=18818
_yKatalog online BPK